|
|
|
|
| LEADER |
00000nab a2200000 a 4500 |
| 001 |
vtls010243381 |
| 003 |
SK-MaSNL |
| 005 |
20260303092838.0 |
| 008 |
110301 2011 xo e 000 0 slo |
| 038 |
|
|
|a PPPK
|
| 040 |
|
|
|a PPPKCL
|b slo
|c PPPK
|e AACR2
|
| 041 |
0 |
|
|a slo
|
| 044 |
|
|
|a xo
|c SK
|
| 080 |
|
|
|a 373.3
|2 2001
|
| 080 |
|
|
|a 796.92.093
|x (437.6-17)
|2 2001
|
| 245 |
0 |
0 |
|a O pohár primátora Vysokých Tatier
|c [autor] (ija)
|
| 610 |
1 |
7 |
|a Vysoké Tatry (Slovensko).
|b Mestský úrad.
|b Oddelenie kultúry a športu
|2 pppkcl
|9 177829
|
| 611 |
2 |
7 |
|a O pohár primátora Vysokých Tatier
|d (2011 :
|c Liptovská Teplička, Slovensko)
|2 pppkcl
|9 1103104
|
| 648 |
|
7 |
|a 26.1.2011
|2 pppkcl
|9 1086165
|
| 650 |
0 |
7 |
|a základné školy
|2 pppkcl
|9 1280
|
| 650 |
0 |
7 |
|a lyžiarske preteky
|2 pppkcl
|9 55635
|
| 651 |
|
7 |
|a Liptovská Teplička (Slovensko)
|2 pppkcl
|9 20039
|
| 651 |
|
7 |
|a Vysoké Tatry (Slovensko : mesto)
|2 pppkcl
|9 176366
|
| 651 |
|
7 |
|a Poprad (Slovensko : okres)
|2 pppkcl
|9 28675
|
| 773 |
0 |
|
|t Tatranský dvojtýždenník
|g Roč. XXII, č. 1 (2011), s. 12
|
| 852 |
|
|
|a PPPK
|b KIS3GCP
|
| 999 |
|
|
|c 1813384
|d 1815314
|